Adolescent psychiatry (Record no. 12922)

MARC details
000 -LEADER
fixed length control field 01678cas a2200433Ia 4500
001 - CONTROL NUMBER
control field 9780203780572
003 - CONTROL NUMBER IDENTIFIER
control field BD-DhSAU
005 - DATE AND TIME OF LATEST TRANSACTION
control field 20151012151722.0
006 - FIXED-LENGTH DATA ELEMENTS--ADDITIONAL MATERIAL CHARACTERISTICS
fixed length control field a|||||s|||||||||||
007 - PHYSICAL DESCRIPTION FIXED FIELD--GENERAL INFORMATION
fixed length control field cr||||
008 - FIXED-LENGTH DATA ELEMENTS--GENERAL INFORMATION
fixed length control field 130118d19712008njuar s b 0 a0eng d
010 ## - LIBRARY OF CONGRESS CONTROL NUMBER
-- 70147017
020 ## - INTERNATIONAL STANDARD BOOK NUMBER
International Standard Book Number 9780203780572 (e-book : PDF)
022 0# - INTERNATIONAL STANDARD SERIAL NUMBER
International Standard Serial Number 0065-2008
ISSN-L 0065-2008
Source 1
037 ## - SOURCE OF ACQUISITION
Source of stock number/acquisition Analytic Press, Inc., 101 West Street, Hilsdale, NJ 07642
040 ## - CATALOGING SOURCE
Original cataloging agency BD-DhSAU
Transcribing agency BD-DhSAU
090 ## - LOCALLY ASSIGNED LC-TYPE CALL NUMBER (OCLC); LOCAL CALL NUMBER (OCLC)
Classification number (OCLC) (R) ; Classification number, CALL (RLIN) (NR) RJ499.A1
Local cutter number (OCLC) ; Book number/undivided call number, CALL (RLIN) A29
092 ## - LOCALLY ASSIGNED DEWEY CALL NUMBER (OCLC)
Classification number 618.9289
Item number A239
210 0# - ABBREVIATED TITLE
Abbreviated title Adolesc. psych.
222 #0 - KEY TITLE
Key title Adolescent psychiatry
245 00 - TITLE STATEMENT
Title Adolescent psychiatry
Medium [electronic resource] :
Remainder of title developmental and clinical studies.
260 ## - PUBLICATION, DISTRIBUTION, ETC. (IMPRINT)
Place of publication, distribution, etc. Hillsdale, N.J. [etc.] :
Name of publisher, distributor, etc. Analytic Press [etc.]
300 ## - PHYSICAL DESCRIPTION
Extent v. :
Other physical details ill. ;
Dimensions 24-25 cm.
310 ## - CURRENT PUBLICATION FREQUENCY
Current publication frequency Annual
362 0# - DATES OF PUBLICATION AND/OR SEQUENTIAL DESIGNATION
Dates of publication and/or sequential designation v. 1- 1971-
362 1# - DATES OF PUBLICATION AND/OR SEQUENTIAL DESIGNATION
Dates of publication and/or sequential designation Ceased with vol. 30.
490 1# - SERIES STATEMENT
Series statement Annals of the American Society for Adolescent Psychiatry
504 ## - BIBLIOGRAPHY, ETC. NOTE
Bibliography, etc Includes bibliographical references and indexes.
515 ## - NUMBERING PECULIARITIES NOTE
Numbering peculiarities note None published some years.
588 ## - SOURCE OF DESCRIPTION NOTE
Source of description note Latest issue consulted: Vol. 30.
530 ## - ADDITIONAL PHYSICAL FORM AVAILABLE NOTE
Additional physical form available note Also available in print edition.
533 ## - REPRODUCTION NOTE
Type of reproduction Electronic reproduction.
Place of reproduction [London, Eng. :
-- Taylor and Francis,
Date of reproduction 2012].
Note about reproduction PDF file created from digital scan of print book.
650 #0 - SUBJECT ADDED ENTRY--TOPICAL TERM
Topical term or geographic name as entry element Adolescent psychiatry.
655 #7 - INDEX TERM--GENRE/FORM
Genre/form data or focus term Electronic books.
Source of term lcsh
776 08 - ADDITIONAL PHYSICAL FORM ENTRY
Relationship information Online version:
Title Adolescent psychiatry
Record control number (OCoLC)565226473
776 1# - ADDITIONAL PHYSICAL FORM ENTRY
International Standard Book Number 9780881633948 (v. 28)
-- 0881633941 (v. 28)
-- 0226240649
830 #0 - SERIES ADDED ENTRY--UNIFORM TITLE
Uniform title Annals of the American Society for Adolescent Psychiatry.
856 40 - ELECTRONIC LOCATION AND ACCESS
Uniform Resource Identifier <a href="http://www.tandfebooks.com/isbn/9780203780572">http://www.tandfebooks.com/isbn/9780203780572</a>

No items available.